| 000 | 00613 a2200169 4500 | ||
|---|---|---|---|
| 020 | _a007116054X | ||
| 020 | _a9780071160544 | ||
| 090 |
_c1363 _d1363 |
||
| 100 | 1 | _aBajaj, Debjani Nag Kamlesh K. | |
| 245 | 1 | 0 |
_aE-commerce : _bthe cutting edge of business / _cDebjani Nag Kamlesh K. Bajaj. |
| 260 |
_a[S.l.] : _bMcGraw-Hill Education, _c2000. |
||
| 300 | _a446 p. | ||
| 500 | _aHardcover. | ||
| 856 | 4 | 0 |
_3Amazon.com _uhttp://www.amazon.com/exec/obidos/ASIN/007116054X/chopaconline-20 |
| 856 | 4 | 0 |
_3Amazon customer reviews _uhttp://www.chopac.org/cgi-bin/tools/azrev.pl?q=007116054X |
| 942 |
_aNBS _cBK _k381.1 BAJ |
||
| 999 |
_c343885 _d343885 |
||